| 000 | 00355pam a2200157a 44500 | ||
|---|---|---|---|
| 008 | 230405s2007 xxu||||| |||| 00| 0 eng d | ||
| 041 | _aENG | ||
| 100 | _aVIDYADHAR,BHALE | ||
| 245 | _aRISK MANAGEMENT | ||
| 250 | _a2007 | ||
| 260 |
_aNULL _bTHOMSON DELMAR LEARNING _c2007 |
||
| 300 | _a707 | ||
| 650 | _aMANAGEMENT | ||
| 690 | _aMBA | ||
| 906 | _a4654 | ||
| 999 |
_c285465 _d285465 |
||